The fiction : complete and unabridged / Saki.
Available copies
- 1 of 1 copy available at LARL/NWRL Consortium.
- 1 of 1 copy available at Lake Agassiz Regional Library. (Show preferred library)
Current holds
0 current holds with 1 total copy.
Show Only Available Copies
| Location | Call Number / Copy Notes | Barcode | Shelving Location | Status | Due Date |
|---|---|---|---|---|---|
| Moorhead Public Library | SAK (Text) | 33500009303330 | Main | Available | - |
Record details
- ISBN: 0760782733
- ISBN: 9780760782736
- Physical Description: 836 p. ; 26 cm.
- Publisher: New York : Barnes & Noble, c2006.
Content descriptions
| General Note: | Includes index. Introduction by Richard Bleiler. |
| Formatted Contents Note: | The open window -- Sredni Vashtar -- Laura -- ... Read More |
Search for related items by subject
| Subject: | English fiction > 20th century. |
Search for related items by series
| LDR | 01058nam a2200301Ka 4500 | ||
|---|---|---|---|
| 001 | 100836 | ||
| 003 | LARL_NWRL_CONSORTIUM | ||
| 005 | 20090211085430.0 | ||
| 008 | 070206s2006 nyu 001 1 eng d | ||
| 020 | . | ‡a0760782733 ‡c$12.95 | |
| 020 | . | ‡a9780760782736 | |
| 035 | . | ‡a(OCoLC)82144351 | |
| 092 | . | ‡a823.91 | |
| 100 | 0 | . | ‡aSaki, ‡d1870-1916. ‡0(LARL_NWRL_CONSORTIUM)69141 |
| 245 | 1 | 4. | ‡aThe fiction : ‡bcomplete and unabridged / ‡cSaki. |
| 260 | . | ‡aNew York : ‡bBarnes & Noble, ‡cc2006. | |
| 300 | . | ‡a836 p. ; ‡c26 cm. | |
| 490 | 0 | . | ‡aLibrary of essential writers |
| 505 | 0 | . | ‡aThe open window -- Sredni Vashtar -- Laura -- Gabriel Ernest -- The unbearable Bassington -- When William came -- and more. |
| 500 | . | ‡aIncludes index. | |
| 500 | . | ‡aIntroduction by Richard Bleiler. | |
| 650 | 0. | ‡aEnglish fiction ‡y20th century. ‡0(LARL_NWRL_CONSORTIUM)19354 | |
| 700 | 1 | . | ‡aBleiler, Richard. ‡0(LARL_NWRL_CONSORTIUM)184492 |
| 901 | . | ‡a100836 ‡bOCLC ‡c100836 ‡tbiblio | |

Add to basket
Permalink
Disable Highlighting